Score 0/30 Timer 06:00
1 Play Today
% Correct
Sorcerer's Stone (1997)
92.3%
Prisoner of Azkaban (1999)
85.5%
Goblet of Fire (2000)
84.2%
Chamber of Secrets (1998)
83.9%
Order of the Phoenix (2003)
76.4%
The Cat in the Hat (1957)
69%
Wuthering Heights (1847)
64.5%
A Game of Thrones (1996)
62.1%
Jane Eyre (1847)
60.5%
Antony and Cleopatra
38.5%
Beloved (1987)
38.1%
One Fish, Two Fish, Red Fish, Blue Fish (1960)
36.2%
All's Well That Ends Well
34.5%
As You Like It
33.4%
The Bluest Eye (1970)
32%
% Correct
A Storm of Swords (2000)
29%
A Clash of Kings (1999)
29%
A Feast for Crows (2005)
27%
A Dance with Dragons (2011)
25.4%
Song of Solomon (1977)
20.2%
Coriolanus
19.3%
Yertle the Turtle and Other Stories (1958)
19.2%
Sula (1973)
18.7%
Tar Baby (1981)
11.9%
The Tenant of Wildfell Hall (1848)
11.7%
The Comedy of Errors
11.6%
Agnes Grey (1847)
10.6%
Shirley (1849)
6.6%
Thidwick the Big-Hearted Moose (1948)
5.1%
On Beyond Zebra! (1955)
4.4%
Remove Ads.
Support Sporcle.
Get the best of Sporcle when you Go Orange. This ad-free experience offers more features, more stats, and more fun while also helping to support Sporcle. Thank you for becoming a member.

You're not logged in!

Compare scores with friends on all Sporcle quizzes.
OR
Log In

Show Comments

Extras

Top Quizzes Today


Score Distribution

Your Account Isn't Verified!

In order to create a playlist on Sporcle, you need to verify the email address you used during registration. Go to your Sporcle Settings to finish the process.

Report this User

Report this user for behavior that violates our Community Guidelines.

Details: